00226nam a2200097Ia 4500008004100000041000800041082001100049100001100060245003300071260002400104231212s1976 xx 000 0 und d aeng a491.46 aMundke aElements of Mechanical Tech. aPunebDwara Sc1976